McGraw-Hill dictionary of scientific and technical terms (Record no. 8004)

MARC details
000 -LEADER
fixed length control field 00658nam a2200205Ia 4500
003 - CONTROL NUMBER IDENTIFIER
control field IN-BaIIA
008 - FIXED-LENGTH DATA ELEMENTS--GENERAL INFORMATION
fixed length control field 211028s9999 xx 000 0 eng d
020 ## - INTERNATIONAL STANDARD BOOK NUMBER
International Standard Book Number 0-07-045269-5
040 ## - CATALOGING SOURCE
Transcribing agency IIA Library
080 ## - UNIVERSAL DECIMAL CLASSIFICATION NUMBER
Universal Decimal Classification number 030:5
Item number DAR
245 #0 - TITLE STATEMENT
Title McGraw-Hill dictionary of scientific and technical terms
Statement of responsibility, etc. edited by Sybil P. Parker
250 ## - EDITION STATEMENT
Edition statement 3rd ed
260 ## - PUBLICATION, DISTRIBUTION, ETC.
Place of publication, distribution, etc. New York
Name of publisher, distributor, etc. McGraw-Hill
Date of publication, distribution, etc. 1974
300 ## - PHYSICAL DESCRIPTION
Extent xv, 1781p.
650 ## - SUBJECT ADDED ENTRY--TOPICAL TERM
Topical term or geographic name entry element Dictionaries-Science and Technology
9 (RLIN) 13499
650 ## - SUBJECT ADDED ENTRY--TOPICAL TERM
Topical term or geographic name entry element NASA Thesaurus
650 ## - SUBJECT ADDED ENTRY--TOPICAL TERM
Topical term or geographic name entry element Science and Technology Dictionary
9 (RLIN) 13500
700 ## - ADDED ENTRY--PERSONAL NAME
Personal name Parker, Sybil P., ed.
9 (RLIN) 13089
942 ## - ADDED ENTRY ELEMENTS (KOHA)
Koha item type Books
Holdings
Withdrawn status Lost status Damaged status Not for loan Home library Current library Shelving location Date acquired Cost, normal purchase price Total Checkouts Full call number Barcode Date last seen Cost, replacement price Price effective from Koha item type Purchase Price
        IIA Library-Bangalore IIA Library-Bangalore General Stacks 16/11/1984 1150.00   030:5/ DAR 8828 05/11/2021 1150.00 16/11/1984 Books Rs. 1150.00

Powered by Koha